01162cam a2200301 a 450000500170000000800410001702000150005804000460007304100080011904400070012708200140013410000230014824500370017125000220020826000750023030000680030550000250037350000220039850400610042063000920048165000300057365000390060365000360064265000450067865000130072371000490073671000750078520200104041529.0091125s1999 ch a b 001 0 eng d a9570253487 aFHNcFHNdCUSdOCLCQdYAMdDLCdCO-BoIAVH0 aeng acc04a594bW95m1 aWu, Wenlongeautor10aMollusks in CITES /cWen-lung Wu aPrimera edición a[Taipei, Taiwan] :bAcademia Sinica and Council of Agriculture,c1999. a143 páginas :bilustraciones (algunas a color) ;c26 x 19 cm. a"Diciembre de 1999." aIncluye índice. aIncluye referencias bibliográficas: páginas 110-114. 0aConvention on International Trade in Endangered Species of Wild Fauna and Florad(1973)26aMolluscavClasificación26aEspecies en peligro de extinción26aConservación de la naturaleza26aMolluscaxConservación de los recursos24aMoluscos2 aZhong yang yan jiu yuanbDong wu yan jiu suo2 aTaiwan Sheng nong ye shi yan suobXing zheng yuan nong ye wei yuan hui